Score 0/25 Timer 06:00
0 Plays Today
% Correct
Bridesmaids
98.6%
Baby Driver
88.7%
Boyhood
85.9%
Bohemian Rhapsody
81.7%
BlacKkKlansman
81.7%
Battle of the Sexes
80.3%
Bumblebee
76.1%
Black Mass
74.6%
Bombshell
69%
The Bourne Legacy
67.6%
Batman v Superman: Dawn of Justice
67.6%
The Bounty Hunter
64.8%
The Big Sick
64.8%
% Correct
Big Hero 6
63.4%
Beasts of the Southern Wild
60.6%
Brooklyn
56.3%
The Book of Life
49.3%
Beastly
43.7%
The Boss
42.3%
The Birth of a Nation
42.3%
Bad Words
40.8%
Bad Santa 2
40.8%
Brightburn
39.4%
Boy Erased
31%
The Big Wedding
31%
Remove Ads.
Support Sporcle.
Get the best of Sporcle when you Go Orange. This ad-free experience offers more features, more stats, and more fun while also helping to support Sporcle. Thank you for becoming a member.

You're not logged in!

Compare scores with friends on all Sporcle quizzes.
OR
Log In

Sporcle TV

Today on Sporcle TV


Watch our educational content, quiz creation guides, and fun videos on Sporcle TV.

Show Comments

Extras

Top Quizzes Today


Score Distribution

Paid Content

Your Account Isn't Verified!

In order to create a playlist on Sporcle, you need to verify the email address you used during registration. Go to your Sporcle Settings to finish the process.

Report this User

Report this user for behavior that violates our Community Guidelines.

Details: